[Event "Challenge"]
[Site "http://www.queenalice.com/game.php?id=211424"]
[Date "2007.5.15"]
[Round "-"]
[White "pauluk"]
[Black "Shaz032"]
[Result "1-0"]
[WhiteElo "1658"]
[BlackElo "1094"]

1. e4 d6 2. d4 g5 3. Bxg5 f6 4. Qh5+ Kd7 5. Bh4 e6 6. c4 Qe8 7. Be2 Nc6 8. Qb5
a6 9. Qa4 b5 10. cxb5 Rb8 11. bxc6+ Kd8 12. Nc3 Nh6 13. Bxa6 Rxb2 14. Bxc8 Rg8
15. Qa8 Rxg2 16. Bd7+ Ke7 17. Qxe8# 1-0

[Event "Challenge"]
[Site "http://www.queenalice.com/game.php?id=211426"]
[Date "2007.5.15"]
[Round "-"]
[White "upanchor"]
[Black "Shaz032"]
[Result "1-0"]
[WhiteElo "1125"]
[BlackElo "1133"]

1. e4 d6 2. d4 g5 3. Nf3 Nf6 4. Bb5+ c6 5. Ba4 h6 6. O-O Nxe4 7. Qe1 f5 8. Na3
Na6 9. b4 Nxb4 10. Qxb4 g4 11. Nh4 Rg8 12. c4 Bg7 13. Bb2 a5 14. Qe1 Ra6 15. Rd1
e5 16. Rd3 exd4 17. Rf3 gxf3 18. Nxf3 d3 19. Bc1 Rb6 20. Qxa5 Bc3 21. Qa7 Bb4
22. Bxh6 Bxa3 23. Ng5 Rxg5 24. Rd1 Ra6 25. Qd4 Rxa4 26. f3 c5 27. Qxd3 Be6 28.
fxe4 Rh5 29. Bg7 Rh7 30. Bc3 Rxc4 31. exf5 Rd4 32. Bxd4 Bxf5 33. Qxf5 cxd4 34.
Qxh7 Qe7 35. Qh5+ Qf7 36. Qh8+ Qf8 37. Re1+ Kf7 38. Qh7+ Qg7 39. Rf1+ Ke6 40.
Qxg7 d5 41. Qf6+ Kd7 42. Qf7+ Be7 43. Re1 d3 44. Qxe7+ Kc6 45. Rc1+ Kb5 46. Qc5+
Ka4 47. Rb1 d2 48. Qb4# 1-0

[Event "Challenge"]
[Site "http://www.queenalice.com/game.php?id=212910"]
[Date "2007.5.18"]
[Round "-"]
[White "sue"]
[Black "Shaz032"]
[Result "1-0"]
[WhiteElo "1004"]
[BlackElo "1136"]

1. e3 d5 2. Bb5+ Nc6 3. Ba4 f5 4. Qh5+ g6 5. Qh4 e5 6. Qh3 Nh6 7. Nf3 e4 8. Ng5
Be7 9. Nc3 Bxg5 10. b3 Rf8 11. Nb5 Nb4 12. c3 Nd3+ 13. Ke2 a6 14. Nd4+ c6 15.
Qg3 a5 16. Ba3 Ng4 17. f3 b5 18. Nxc6 Qd7 19. Nd4 Rf6 20. fxg4 bxa4 21. bxa4
Qxa4 22. gxf5 Rb8 23. Qxg5 Rbb6 24. h4 Qxa3 25. h5 gxh5 26. Rxh5 Rb2 27. Qxf6
Rxa2 28. Rah1 Rc2 29. Nxc2 Qb2 30. Nd4 Nf4+ 31. Kf2 Qxd2+ 32. Kg3 Qxe3+ 33. Kg4
Nxg2 34. Nc6 Qf4+ 35. Kh3 e3 36. Rxh7 Bb7 37. Nxa5 Ba6 38. Kxg2 Qg4+ 39. Kh2 Be2
40. Nc6 Qe4 41. Rh8+ Kd7 42. Nb8+ Kc7 43. Na6+ Kb7 44. Nc5+ Kc7 45. Nxe4 Bb5 46.
Ng5 e2 47. Ne6+ Kc6 48. Re1 Kd6 49. Nd8+ Kc5 50. Qg6 Kc4 51. f6 Kxc3 52. f7 Bd3
53. f8=Q Kd2 54. Qg1 Kc2 55. Qa3 d4 56. Qxd4 Kd2 57. Qab4+ Kc2 58. Rh5 Bg6 59.
Rh3 Bf5 60. Rf3 Bg6 61. Rxe2+ Kc1 62. Rf1# 1-0

[Event "Challenge"]
[Site "http://www.queenalice.com/game.php?id=213255"]
[Date "2007.5.19"]
[Round "-"]
[White "Shaz032"]
[Black "jwh"]
[Result "0-1"]
[WhiteElo "1103"]
[BlackElo "1348"]

1. e4 a5 2. d4 e6 3. Na3 b6 4. Nf3 Nf6 5. h4 Nxe4 6. Rh3 Be7 7. Qe2 Bb7 8. Rg3
Bf6 9. Rg4 c5 10. Rxe4 d5 11. Ne5 Bxh4 12. Rg4 Rg8 13. Rxh4 Qxh4 14. g3 Qxd4 15.
Rb1 f6 16. c3 Qxe5 17. f4 Qe4 18. Bh3 Qh1+ 19. Bf1 Kd7 20. Nb5 Ba6 21. Na3 Bxe2
22. b3 Qxf1+ 23. Kd2 g5 24. Kc2 gxf4 25. Bxf4 Bd3+ 26. Kd2 Qe2+ 27. Kc1 e5 28.
Bd2 Rxg3 29. Nc2 Rg2 30. Be1 Qxc2# 0-1

[Event "Challenge"]
[Site "http://www.queenalice.com/game.php?id=214906"]
[Date "2007.5.22"]
[Round "-"]
[White "valefale19"]
[Black "Shaz032"]
[Result "0-1"]
[WhiteElo "1470"]
[BlackElo "1094"]

1. e4 d6 2. d4 g5 3. Bxg5 f6 4. Qh5+ Kd7 5. d5 fxg5 6. g3 Qe8 7. Qxg5 h6 8. Qf4
Na6 9. Nf3 Kd8 10. e5 Rh7 11. e6 c6 0-1

[Event "Challenge"]
[Site "http://www.queenalice.com/game.php?id=214907"]
[Date "2007.5.22"]
[Round "-"]
[White "class_act"]
[Black "Shaz032"]
[Result "1-0"]
[WhiteElo "1329"]
[BlackElo "1122"]

1. e4 d6 2. Bb5+ c6 3. Bc4 a5 4. Qf3 e5 5. d3 b5 6. Na3 bxc4 7. Nxc4 h5 8. Be3
Bg4 9. Qg3 Nf6 10. f3 Ra6 11. fxg4 hxg4 12. O-O-O Nh5 13. Qf2 Rh6 14. Bxh6 gxh6
15. d4 c5 16. dxe5 Bg7 17. exd6 Bd4 18. Qf5 Nf6 19. c3 Rxd6 20. Nxd6+ Qxd6 21.
cxd4 cxd4 22. Kb1 Qd5 23. exd5 Nbd7 24. Rxd4 a4 25. Rxa4 h5 26. Ra8+ Ke7 27. Ne2
Nc5 28. Ra7+ Nfd7 29. Nd4 Kd6 30. Nb5+ Ke7 31. Re1+ Kf8 32. Rxd7 h4 33. Rc7 Ne6
34. Qxf7# 1-0

[Event "Challenge"]
[Site "http://www.queenalice.com/game.php?id=216818"]
[Date "2007.5.26"]
[Round "-"]
[White "sue"]
[Black "Shaz032"]
[Result "1-0"]
[WhiteElo "977"]
[BlackElo "1128"]

1. e4 d6 2. Bb5+ c6 3. Bc4 g5 4. Nf3 Na6 5. Nxg5 h6 6. Nh3 h5 7. O-O Rh6 8. Nf4
Rf6 9. Nxh5 Bg7 10. Nxg7+ Kf8 11. Nh5 b5 12. Bb3 Nc5 13. d3 Rh6 14. Nf4 Nf6 15.
c3 e5 16. Ne2 Ng4 17. Ng3 Nxh2 18. Re1 Ng4 19. Na3 Rf6 20. Rf1 a5 21. Nh5 b4 22.
Nc4 a4 23. Bc2 Ra7 24. Rb1 Rh6 25. Ng3 d5 26. f3 dxc4 27. fxg4 Re7 28. Bxh6+ Ke8
29. Nh5 Re6 30. Be3 Rg6 31. Bxc5 Rxg4 32. cxb4 Rh4 33. Ng7+ Kd7 34. Rxf7+ Qe7
35. Rxe7+ Kd8 36. Rxe5 Bg4 37. Qf1 Rh5 38. Qf8+ Kd7 39. d4 Rh6 40. Nf5 Bh5 41.
Qxh6 Bf7 42. Ng7 Bd5 43. Bxa4 Kc7 44. Rf1 Kb7 45. Rf6 Kc7 46. b5 Kd7 47. Rf7+
Kc8 48. Qh8# 1-0

[Event "Challenge"]
[Site "http://www.queenalice.com/game.php?id=219866"]
[Date "2007.6.2"]
[Round "-"]
[White "pauluk"]
[Black "Shaz032"]
[Result "1-0"]
[WhiteElo "1695"]
[BlackElo "1122"]

1. Nc3 e5 2. b3 d6 3. Bb2 h5 4. e4 Bg4 5. Be2 Nc6 6. Nf3 Rh6 7. Nd5 a5 8. O-O
Ra6 9. Bxa6 bxa6 10. Qe2 Rf6 11. d4 Nh6 12. Qxa6 Rf4 13. Qxc6+ Qd7 14. Qa8+ Qd8
15. Qxa5 Rxe4 16. Ng5 Rxd4 17. Bxd4 exd4 18. Rfe1+ Be7 19. Nxe7 f6 20. Nc6+ Kd7
21. Nxd8 fxg5 22. Nb7 c6 23. Qa7 Nf5 24. Nc5+ Kc8 25. Re8# 1-0

[Event "Challenge"]
[Site "http://www.queenalice.com/game.php?id=219867"]
[Date "2007.6.2"]
[Round "-"]
[White "jwh"]
[Black "Shaz032"]
[Result "1-0"]
[WhiteElo "1339"]
[BlackElo "1108"]

1. Nc3 e5 2. e4 d6 3. Nf3 Nc6 4. d3 Nf6 5. h3 h5 6. Be3 Rh6 7. Bg5 a5 8. Bxh6
gxh6 9. Nh4 Ra6 10. d4 exd4 11. Nd5 Nxe4 12. Bxa6 bxa6 13. g3 Be6 14. Nf4 d5 15.
Qd3 Bb4+ 16. Ke2 Bd2 17. f3 Nxg3+ 18. Kxd2 Ne4+ 19. Ke2 Qxh4 20. fxe4 Qxf4 21.
Qxa6 Kd7 22. Raf1 Qxe4+ 23. Kf2 Qe3+ 24. Kg2 Nb4 25. Qb5+ c6 26. Qxa5 Nxc2 27.
Qa7+ Kd6 28. Qa4 d3 29. Qf4+ Kc5 30. b4+ Kb6 31. a4 d4 32. Qb8+ Ka6 33. Qd6 Nxb4
34. Qf4 d2 35. Qxe3 1-0

[Event "Challenge"]
[Site "http://www.queenalice.com/game.php?id=220962"]
[Date "2007.6.5"]
[Round "-"]
[White "MrMarcos_br"]
[Black "Shaz032"]
[Result "1-0"]
[WhiteElo "1328"]
[BlackElo "1101"]

1. f4 d5 2. d3 Nf6 3. h3 Nc6 4. g4 a5 5. Bg2 Ra6 6. Nc3 Rb6 7. b3 Nd4 8. g5 Nh5
9. Bxd5 Nxf4 10. Bxf4 e6 11. Bg2 Rc6 12. Bxc6+ bxc6 13. a4 Bb4 14. Qd2 h5 15.
gxh6 gxh6 16. Be5 Nf5 17. Bxh8 Bc5 18. Ne4 Ne3 19. Nxc5 Ng2+ 20. Kd1 h5 21. Ne4
e5 22. Bxe5 f6 23. Bxf6 Qd7 24. Qg5 Qd5 25. Qxg2 Bf5 26. Bb2 c5 27. Qf3 h4 28.
Nf6+ Ke7 29. Qxd5 Kf8 30. Qxf5 c6 31. Nh7+ Kg8 32. Qg6# 1-0

[Event "Challenge"]
[Site "http://www.queenalice.com/game.php?id=233083"]
[Date "2007.6.30"]
[Round "-"]
[White "Smurf"]
[Black "Shaz032"]
[Result "1-0"]
[WhiteElo "1222"]
[BlackElo "1106"]

1. d4 d5 2. Nf3 Bg4 3. e3 Nc6 4. Nc3 g6 5. h3 Bf5 6. Bd3 e6 7. Bxf5 gxf5 8. O-O
Nh6 9. Nh2 Rg8 10. Qf3 a5 11. Bd2 Rg5 12. Qe2 Ra6 13. e4 dxe4 14. Bxg5 Nxd4 15.
Qh5 Rb6 16. Bxd8 Kxd8 17. Rad1 Rxb2 18. Rxd4+ Ke7 19. Na4 Rxa2 20. Qh4+ Ke8 21.
Qd8# 1-0

[Event "Challenge"]
[Site "http://www.queenalice.com/game.php?id=233084"]
[Date "2007.6.30"]
[Round "-"]
[White "MariaClara"]
[Black "Shaz032"]
[Result "1-0"]
[WhiteElo "1322"]
[BlackElo "1106"]

1. e4 d6 2. d4 Nf6 3. Nc3 Bg4 4. Be2 Nc6 5. Bxg4 b5 6. Qd3 Nxg4 7. e5 Rb8 8. Nf3
h5 9. d5 Ncxe5 10. Nxe5 Nxe5 11. Qe3 e6 12. dxe6 fxe6 13. O-O d5 14. Qxe5 Rb6
15. Bg5 Be7 16. Qxg7 Rf8 17. Be3 1-0

[Event "Challenge"]
[Site "http://www.queenalice.com/game.php?id=241422"]
[Date "2007.7.17"]
[Round "-"]
[White "Shaz032"]
[Black "mountainmusic2"]
[Result "0-1"]
[WhiteElo "1097"]
[BlackElo "1919"]

1. e4 e5 2. Nc3 Nc6 3. a4 Nf6 4. g4 h6 5. Ra3 Bxa3 6. bxa3 d5 7. h4 d4 8. Nd5
Nxe4 9. f3 Ng3 10. Rh3 Nxf1 11. Kxf1 Qxd5 12. d3 Qa5 13. Ne2 Qxa4 14. f4 Bxg4
15. Rg3 h5 16. c4 Qxd1+ 17. Kf2 Qxe2+ 18. Kg1 Qe1+ 0-1

[Event "Challenge"]
[Site "http://www.queenalice.com/game.php?id=254466"]
[Date "2007.8.11"]
[Round "-"]
[White "Shaz032"]
[Black "mateuserafa"]
[Result "0-1"]
[WhiteElo "1097"]
[BlackElo "1199"]

1. e4 c5 2. d3 e5 3. b3 Nc6 4. Nf3 d6 5. a4 Bg4 6. h3 Bh5 7. c4 Nd4 8. g4 Bg6 9.
Nc3 Be7 10. Ra2 Nf6 0-1

[Event "Challenge"]
[Site "http://www.queenalice.com/game.php?id=254908"]
[Date "2007.8.13"]
[Round "-"]
[White "ROLAND"]
[Black "Shaz032"]
[Result "1-0"]
[WhiteElo "1495"]
[BlackElo "1099"]

1. e4 d6 2. Nf3 e5 3. Bb5+ Bd7 4. Bc4 b5 5. Bd5 c6 6. Bb3 d5 7. d3 Nf6 8. O-O
Na6 9. Nxe5 Bd6 10. Nxd7 Qxd7 11. Qf3 1-0